Les récompenses des principaux festivals de cinéma en France - Statistiques

Statistiques générales
  • Ce quiz a été pris 21 fois
  • Le résultat moyen est 1 sur 9
Statistiques - réponses
Festival Récompense % Correct
Cannes Palme d'or
100%
du film fantastique - Avoriaz Grand Prix
10%
du film fantastique - Gérardmer Grand Prix
10%
du cinéma américain - Deauville Grand Prix
5%
des trois continents - Nantes Montgolfière d'or
5%
du film d'animation - Annecy Cristal
0%
des cinémas d'Asie - Vesoul Cyclo d'or
0%
du film britannique - Dinard Hitchcock d'or
0%
du cinéma - Cabourg Swann d'or
0%
Aucun quiz correspondant
Distribution des résultats
% des personnes avec chaque résultat
Percentile par nombre de réponses
Votre historique - résultats
Vous n’avez pas pris ce quiz